000
00298nam a22001097a 4500
003
OSt
008
220826b |||||||| |||| 00| 0 eng d
082
_a
631.56
_b
GOL/CR
100
_a
Golob, P.
_9
5246
245
_a
Crop post-harvest : science and technology. Vol. 1, Principles and practice
942
_c
BK
999
_c
17548
_d
17548